000 00487nam a2200181Ia 4500
003 OSt
005 20251203105703.0
008 250729s2005 xx 000 0 und d
040 _cAL
041 _akan
082 _a370 OBAU
100 _aಓಬಲೇಶಘಟ್ಟಿ ಆರ್
_9225456
245 _aಉದಯೋನ್ಮುಖ ಭಾರತದಲ್ಲಿ ಶಿಕ್ಷಣ
260 _aಗದಗ
_c2005
300 _a404p
650 _aEducation
_9225457
942 _2ddc
_cBED
999 _c236920
_d236920